000 00700nam a22002657a 4500
003 UA-OsUOA
001 21621
007 ta
008 20031211b un ||||| |||| 00| 0 ukr d
100 _aФіліпенко А.С.
700 _aМазуренко В.І.
700 _aСікора В.Д.
090 _a338.74(075.8)
_bМ58
942 _cBK
040 _aUA-OsUOA
_bukr
_cUA-OsUOA
_dUA-OsUOA
245 _aМіжнародні валютно-кредитні відносини
_bПідручник
300 _a208 с.
955 _a0
041 _aukr
080 _a338.74(075.8)
020 _a966-06-0022-4
260 _aКиїв
_bЛибідь
_c1997
044 _aUA
650 7 _2UDC
999 _c307826
_d307826